000 00786nam a2200217 i 4500
001 140866
003 ES-MaACL
005 20250702063105.0
007 t|
008 070918s1905 fr |||| | fre d
100 1 _aWilde, Oscar,
_d1854-1900
_9241147
245 1 0 _aDe profundis
_b; précédé de Lettres écrites de la prison par Oscar Wilde áa Robert Ross ; suivi de La ballade de la Geôle de Reading /
_cOscar Wilde ; trad. [de l'anglais] par Henry-D Davray.
250 _a6e éd.
260 _aParis :
_bMercure de France,
_c1905.
300 _a187 p. ;
_c18 cm.
490 1 _aCollection d'auteurs étrangers
700 1 _aDavray, Henry D.
_942995
830 0 _aCollection d'auteurs étrangers
_9183465
852 _aES-MaACL
_jF-11063
999 _c140866
_d140866